000 00512nam a2200193Ia 4500
005 20140311163135.0
008 140130s9999 xx 000 0 und d
020 _a9780439888585
050 _aPZ 7
_b.Sa1975Cg 2007
100 _aSander, Sonia
_931348
245 _cSander, Sonia
_aGood luck bear special day /
260 _bScholastic,
_c2007.
_aNew York :
300 _a1 v. (unpaged) :
_bcol. ill. ;
_c21 cm.
440 _v1
_931174
521 _aBR
526 _cBR
942 _cBK
_2lcc
999 _c41608
_d41608